000 00396nam a2200169Ia 4500
008 210210b1931 xxu||||| |||| 00| 0 eng d
041 _aeng
082 _a829/1139
100 _aTOMLINSON (H M)
245 _aAll our yesterdays
260 _aLondon
_bWilliam Heinemann Ltd.
_c1931
650 _ayesterdays
650 _aour
650 _aAll
690 _aEnglish Fiction
906 _a017751
999 _c137735
_d137735